STN EN 15450: 2008 (06 0321) Vykurovacie systémy v budovách. Navrhovanie vykurovacích systémov s tepelnými čerpadlami

Táto norma je slovenskou verziou európskej normy EN 15450: 2007. Má rovnaké postavenie ako majú oficiálne verzie

Bibliographic Details
Corporate Author: Technická univerzita v Košiciach. Stavebná fakulta (Author)
Other Authors: Košičanová, Danica, 1962- (Translator)
Format: Book
Language:Slovak
English
PhysicalDescription:44 s. obr., tab. 30 cm
Published: Bratislava Slovenský ústav technickej normalizácie 2008
Subjects:

MARC

LEADER 00000nam a2200000 a 4500
001 vtls009827867
003 SK-MaSNL
005 20260302080854.0
008 130117s2008 xo ka f u 000 0 slo
015 |a SNBN2011/01-00025 
020 |c (cen. skup. 14) 
035 |a (SVKBBclas03)vtls000291942 
040 |a SNK  |b slo  |c SNK  |e AACR2 
041 1 |a slo  |h eng 
044 |a xo  |c SK 
046 |a s  |m 200805 (účin.) 
072 7 |a 697  |x Vykurovanie, vetranie, klimatizácia  |2 konspekt 
080 |a 697.4  |2 2001 
080 |a 621.577  |2 2001 
084 |a 27.080  |2 ICS 
130 0 |a STN 06 0321 (STN EN 15450)  |9 745615 
245 1 0 |a STN EN 15450: 2008 (06 0321) Vykurovacie systémy v budovách. Navrhovanie vykurovacích systémov s tepelnými čerpadlami  |c spracovateľ Technická univerzita Stavebnej fakulty, Košice, Danica Košičanová 
246 1 0 |a Vykurovacie systémy v budovách 
246 1 0 |a Navrhovanie vykurovacích systémov s tepelnými čerpadlami 
246 3 |a EN 15450: 2008 
260 |a Bratislava  |b Slovenský ústav technickej normalizácie  |c 2008 
300 |a 44 s.  |b obr., tab.  |c 30 cm 
500 |a Súbežný názov v angličtine, francúzštine, nemčine 
504 |a Literatúra s. 43 
520 8 |a Táto norma je slovenskou verziou európskej normy EN 15450: 2007. Má rovnaké postavenie ako majú oficiálne verzie 
540 |a STN vydané na akomkoľvek nosiči sa môžu rozmnožovať a rozširovať iba so súhlasom určenej právnickej osoby  |b SÚTN Bratislava  |c zákon 264/1999 Z.z. 
650 0 7 |a tepelné vykurovanie  |2 SVKBBPH  |9 745616 
650 0 7 |a tepelné čerpadlá  |2 SVKBBPH  |9 23389 
650 0 7 |a technické normy a štandardy  |z Slovensko  |2 SVKBBPH  |9 79594 
650 0 7 |a technické normy a štandardy  |z krajiny Európskej únie  |2 SVKBBPH  |9 289341 
655 7 |a normy  |2 SVKBBPH  |9 70643 
700 1 |a Košičanová, Danica,  |d 1962-  |4 trl  |9 223332 
710 2 |a Slovenský ústav technickej normalizácie (Bratislava, Slovensko)  |b TK 92 Vykurovacie systémy v budovách  |4 stn  |9 409564 
710 2 |a Technická univerzita v Košiciach.  |b Stavebná fakulta  |4 aut  |9 173532 
958 |a OP 
958 |a NB 
999 |c 1174591  |d 1176521 
952 |a SNK  |b SNK  |y PREZ  |7 0  |p 17A0598594  |o snkSTN EN 15450  |i snk2008/16970  |8 0  |0 0  |1 0  |4 0  |d 2008-09-11  |l 0  |r 2026-02-24 21:18:07  |w 2026-02-24 
952 |a SNK  |b SNK  |y PREZ  |7 0  |p 17A0598595  |o snkSTN EN 15450 D1  |i snk2008/16971  |8 0  |0 0  |1 0  |4 0  |d 2008-09-11  |l 0  |r 2026-02-24 21:18:07  |w 2026-02-24